000 00563nam a22002177a 4500
003 UA-OsUOA
001 59596
007 ta
008 20090406b un ||||| |||| 00| 0 ukr d
100 _aСироїд І.
090 _a82
_bС40
942 _cSA
040 _aUA-OsUOA
_bukr
_cUA-OsUOA
_dUA-OsUOA
245 _aОлесь Гончар - захисник духовних скарбів
300 _aС.12
955 _a0
041 _aukr
080 _a82
773 0 _w59593
650 7 _a82 Література. Літературознавство
_2UDC
999 _c345722
_d345722